000
002880000a22000970004500
100
1
_a
Habecker, Eugene
245
1
0
_a
Decimos "afios" al ayer, "hola" al hoy y "bienvenido" al mañana
300
_a
Vol. 56, Núm 255 (2001), Páginas 8-12
773
0
_t
La Biblia de las Américas
942
_c
ANA
999
_c
51641
_d
51641